000 00297nam a2200097Ia 4500
008 240331s9999 xx 000 0 und d
082 _a303.6
_bJAY
100 _aJayawardena, K
245 0 _aEthnic and class conflict in Sri Lanka :
_bthe emergence of Sinhala-Buddhist conciousness 1883-1983
942 _cL
999 _c1262
_d1262